Mock auction or Boney selling stolen goods (Record no. 116802)

MARC details
000 -LEADER
fixed length control field 00671ckm a22002175a 4500
001 - CONTROL NUMBER
control field L143207
008 - FIXED-LENGTH DATA ELEMENTS--GENERAL INFORMATION
fixed length control field 080416s1813 xxk eng u
035 ## - SYSTEM CONTROL NUMBER
System control number (Sirsi) u143207
041 ## - LANGUAGE CODE
Language code of text/sound track or separate title eng
100 1# - MAIN ENTRY--PERSONAL NAME
Personal name Rowlandson, Thomas
245 00 - TITLE STATEMENT
Title Mock auction or Boney selling stolen goods
Medium [graphic]
260 ## - PUBLICATION, DISTRIBUTION, ETC.
Place of publication, distribution, etc. London
Name of publisher, distributor, etc. R. Ackermann
Date of publication, distribution, etc. 1813
300 ## - PHYSICAL DESCRIPTION
Extent 1 print
Other physical details col., mounted
Dimensions 26 x 36 cm.
340 ## - PHYSICAL MEDIUM
Material base and configuration Print
351 ## - ORGANIZATION AND ARRANGEMENT OF MATERIALS
Hierarchical level Single item
500 ## - GENERAL NOTE
General note Item is a coloured print presented by Mr A. J. F. Critchel in 1939.
651 4# - SUBJECT ADDED ENTRY--GEOGRAPHIC NAME
Geographic name Great Britain
Chronological subdivision 1707-
690 ## - LOCAL SUBJECT ADDED ENTRY--TOPICAL TERM (OCLC, RLIN)
Topical term or geographic name as entry element PROPERTY-PROPERTY ACQUISITION AND DISPOSAL AT AUCTION
700 2# - ADDED ENTRY--PERSONAL NAME
Personal name Ackermann, R.
942 ## - ADDED ENTRY ELEMENTS (KOHA)
Suppress in OPAC 0
Holdings
Withdrawn status Lost status Source of classification or shelving scheme Damaged status Not for loan Home library Current library Shelving location Date acquired Total Checkouts Full call number Barcode Date last seen Copy number Price effective from Koha item type
    Dewey Decimal Classification     Historic collection Historic collection Historic collection 16/04/2008   MAP CABINET DRAWER 3 143207-2001 06/08/2019 1 06/08/2019 Archive